00393 a2200145 4500001000700000003000400007005001700011008004100028082001600069100002100085245007700106260003400183300001000217700002000227067132OSt20211029145602.0  a005.1bG95D1 aGupta, Prabhakar1 aDesign and analysis of algorithmscby Prabhakar Gupta and Vineet Agarwal aNew DelhibPHI Learningc2008 a370p. aAgarwal, Vineet